Un uomo da marciapiede /

Shranjeno v:
Bibliografske podrobnosti
Glavni avtor: Herlihy, James Leo (Author)
Drugi avtorji: Saba Sardi, Francesco, Giacomoni, Silvia
Format: Knjiga
Jezik:italijanščina
Izdano: Milano : Biblioteca Universale Rizzoli, 1974
Serija:I libri di Millelibri ; 15
Oznake: Označite
Brez oznak, prvi označite!

MARC

LEADER 00000nam a22000007i 4500
001 IT\ICCU\RLZ\0167716
003 ItRI
005 20250902171858.0
008 020407s1974 it |||||| ||||| |||||c
040 |b ita  |c ct 
041 7 |a ita  |2 ISO-639-2 
100 1 |a Herlihy, James Leo  |0 IT\ICCU\SBLV\026288  |4 aut 
245 1 3 |a Un uomo da marciapiede /  |c James Leo Herlihy ; introduzione di Silvia Giacomoni ; traduzione di Francesco Saba Sardi. 
260 |a Milano :  |b Biblioteca Universale Rizzoli,  |c 1974 
300 |a VII, 229 p. ;  |c 18 cm 
500 |a Tit. orig.: Midnight cowboy 
700 1 |a Saba Sardi, Francesco  |0 IT\ICCU\CFIV\008075 
700 1 |a Giacomoni, Silvia  |0 IT\ICCU\CFIV\038756 
830 2 |a I libri di Millelibri ;  |v 15  |0 IT\ICCU\CFI\0162099 
942 |2 ddc  |c BK 
952 |0 0  |1 0  |2 ddc  |4 0  |6 B_LNR02HERJAUOM11  |7 0  |9 5642  |a MI  |b MI  |d 1989-01-26  |i 1534  |l 0  |o B-LNR02-HERJA-UOM11  |p CDOM1534  |r 2025-07-13 16:28:00  |w 2025-07-13  |x DONO  |y BK 
981 1 |6 z01  |a i   |b xxxe  
982 1 |6 z01  |a n 
999 |c 4495  |d 4495